000 00637nam a2200241 i 4500
001 33205
003 ES-MaACL
005 20250907063037.0
007 t|
008 030201s1976 sp ||||1| spa d
020 _a84-85219-06-6
080 _a860-14"19"
100 1 _aBerenguer, Ángel,
_d1943-
_927879
245 1 0 _aCalamarga /
_cpor Ángel Berenguer.
250 _a1ª ed.
260 _aAlmería :
_bCajal,
_c1976.
300 _a143 p. :
_bil. ;
_c25 cm.
490 1 _aColección i.a. ;
_v1
830 1 _aColección i.a. ;
_v1
_9229447
852 _aES-MaACL
_jL-11229
942 _2udc
999 _c33205
_d33205